000 00390nam a2200145Ia 4500
008 220204s9999 xx 000 0 und d
020 _a9780124076860
082 _a631/635
_bADV.120
100 _aSparks, OL
245 0 _aAdvances in Agronomy V120
260 _aAcademic Press Publication
_bUSA
_c2013
650 _aEcological restoration
650 _aGlobal Climate Change
942 _cBK
999 _c43105
_d43105